000 01267nam a2200313 a 4500
001 ebr10161035
003 CaPaEBR
006 m u
007 cr cn|||||||||
008 080903s2007 enk sb 001 0 eng d
020 _z9781841501598
020 _z9781841509624
040 _aCaPaEBR
_cCaPaEBR
035 _a(OCoLC)437177128
043 _ae------
050 1 4 _aJA85.2.E85
_bP76 2007eb
245 0 4 _aThe professionalisation of political communication
_h[electronic resource] /
_cedited by R. Negrine ... [et al.].
260 _aBristol ;
_aChicago :
_bIntellect Books,
_cc2007.
300 _a192 p.
490 1 _aChanging media, changing Europe,
_x1742-9439 ;
_vv. 3
504 _aIncludes bibliographical references and index.
533 _aElectronic reproduction.
_bPalo Alto, Calif. :
_cebrary,
_d2009.
_nAvailable via World Wide Web.
_nAccess may be limited to ebrary affiliated libraries.
650 0 _aCommunication in politics
_zEurope.
655 7 _aElectronic books.
_2local
700 1 _aNegrine, Ralph M.
710 2 _aebrary, Inc.
830 0 _aChanging media--changing Europe series ;
_vv. 3.
856 4 0 _uhttp://site.ebrary.com/lib/rucke/Doc?id=10161035
_zAn electronic book accessible through the World Wide Web; click to view
999 _c242730
_d242730